000 00474nam a2200181Ia 4500
001 4265
005 20260306145743.0
008 260306t1980||||xx |||||||||||||| ||spa||
041 _aESP
082 _a320.1
_bH62 2006
100 _aHobbes, Thomas
_eAUT
245 0 _aLeviatán :
_bo la materia, forma y poder de una república eclesiástica y civil
260 _c1980
300 _a618 páginas :
_c24 cm.
650 _aGEN
654 _aCDE
942 _cLIB
_dJUS
_fJUS
_2ddc
_n
999 _c4265
_d4265